000 00912nac a22002651u 4500
010 _a 87108680
020 _a0553193848 (pbk.)
082 0 0 _a355.0217
_bC1275
090 _c3134
_d3134
100 _aCaldicott, Helen.
245 1 0 _aMissile envy :
_bthe arms race and nuclear war /
_cHelen Caldicott.
250 _aRev. ed.
260 _aToronto ;
_aNew York :
_bBantam Books,
_c1986.
300 _a346 p. :
_bill. ;
_c21 cm.
500 _aIncludes index.
500 _aDonations.
500 _aDonations - Dr. Mostafa Gouda.
504 _aBibliography: p. 314-330.
650 0 _aNuclear weapons.
650 0 _aArms race
_xHistory
_y20th century.
650 0 _aNuclear warfare.
650 0 _aWorld politics
_y20th century.
942 _cBB
_k355.0217C1275
999 _c3134
_d3134